ARRUPE JESUIT UNIVERSITY

CORONAVIRUS -STOP THE SPREAD - CLEAN,DISINFECT,COVER

What makes this day different? : (Record no. 126752)

MARC details
000 -LEADER
fixed length control field 00921pam a2200253 a 4500
001 - CONTROL NUMBER
control field 4979072
003 - CONTROL NUMBER IDENTIFIER
control field ARRUPE
005 - DATE AND TIME OF LATEST TRANSACTION
control field 20170824095959.0
008 - FIXED-LENGTH DATA ELEMENTS--GENERAL INFORMATION
fixed length control field 980226s1998 mau 000 0 eng
010 ## - LIBRARY OF CONGRESS CONTROL NUMBER
LC control number 98013942
020 ## - INTERNATIONAL STANDARD BOOK NUMBER
International Standard Book Number 1561011568 (alk. paper)
040 ## - CATALOGING SOURCE
Original cataloging agency DLC
Transcribing agency DLC
Modifying agency DLC
050 00 - LIBRARY OF CONGRESS CALL NUMBER
Classification number BV4221
Item number .S28 1998
082 00 - DEWEY DECIMAL CLASSIFICATION NUMBER
Classification number 251
Edition number 21
300 ## - PHYSICAL DESCRIPTION
Dimensions 22 cm.
100 1# - MAIN ENTRY--PERSONAL NAME
Personal name Schlafer, David J.,
Dates associated with a name 1944-
9 (RLIN) 35144
245 10 - TITLE STATEMENT
Title What makes this day different? :
Remainder of title preaching grace on special occasions /
Statement of responsibility, etc David J. Schlafer.
260 ## - PUBLICATION, DISTRIBUTION, ETC. (IMPRINT)
Place of publication, distribution, etc Cambridge, Mass. :
Name of publisher, distributor, etc Cowley Publications,
Date of publication, distribution, etc c1998.
300 ## - PHYSICAL DESCRIPTION
Extent ix, 171 p. ;
650 #0 - SUBJECT ADDED ENTRY--TOPICAL TERM
Topical term or geographic name as entry element Preaching.
9 (RLIN) 35168
650 #0 - SUBJECT ADDED ENTRY--TOPICAL TERM
Topical term or geographic name as entry element Occasional services.
9 (RLIN) 35169
650 #0 - SUBJECT ADDED ENTRY--TOPICAL TERM
Topical term or geographic name as entry element Fasts and feasts.
9 (RLIN) 35170
906 ## - LOCAL DATA ELEMENT F, LDF (RLIN)
a 7
b cbc
c orignew
d 1
e ocip
f 19
g y-gencatlg
942 ## - ADDED ENTRY ELEMENTS (KOHA)
Source of classification or shelving scheme Library of Congress Classification
Koha item type Monograph ( Printed materials)
Holdings
Withdrawn status Lost status Source of classification or shelving scheme Damaged status Not for loan Collection code Home library Current library Shelving location Date acquired Total Checkouts Full call number Barcode Date last seen Price effective from Koha item type
    Library of Congress Classification     Main Collection ARRUPE LIBRARY ARRUPE LIBRARY Main Collection 24/08/2017   BV4221 .S28 1998 46500023498 24/08/2017 24/08/2017 Monograph ( Printed materials)

 

Arrupe Library. PO Box MP320 Mt Pleasant, Harare, Zimbabwe
263 242 745411|librarian@aju.ac.zw